Joueur sur les pochette FIFA depuis 93 - Statistiques

Statistiques générales
  • Ce quiz a été pris 2 666 fois
  • Le résultat moyen est 21 sur 50
Statistiques - réponses
Année Joueur(s) % Correct
2018 Cristinano Ronaldo
99%
2019 Cristinano Ronaldo
99%
2013 Lionel Messi
99%
2014 Lionel Messi
99%
2015 Lionel Messi
99%
2016 Lionel Messi
99%
2021 Kylian Mbappe
96%
2017 Marco Reus
76%
Ronaldinho
75%
Ronaldinho
75%
Ronaldinho
75%
Ronaldinho
75%
Ronaldinho
75%
2020 Eden Hazard
70%
2001 Thierry Henry
62%
2002 Thierry Henry
62%
Thierry Henry
62%
2009 Karim Benzema
57%
Karim Benzema
57%
Karim Benzema
57%
Karim Benzema
57%
Karim Benzema
57%
2006 Wayne Rooney
56%
Wayne Rooney
56%
2012 Wayne Rooney
56%
Antoine Griezmann
40%
2008 Franck Ribery
37%
Franck Ribery
37%
Robert Lewandowski
25%
Roberto Carlos
19%
2003 Edgar Davids
15%
2004 Alessandro Del Piero
14%
1999 Fabien Barthez
14%
2011 Hugo Lloris
12%
2000 Emmanuel Petit
11%
Ryan Giggs
10%
2010 Steve Mandanda
10%
Guillaume Hoareau
8%
2007 Juninho
8%
2005 Patrick Viera
7%
1997 David Ginola
6%
1998 David Ginola
6%
Philippe Mexes
6%
Andiy Chevtchenko
3%
Fernando Morientes
3%
1993 David Platt
1%
Piotr Swierczewski
1%
1996 Andy Legg
0%
1995 Erik Thorstvedt
0%
Ioan Sabau
0%
Aucun quiz correspondant
Distribution des résultats
% des personnes avec chaque résultat
Percentile par nombre de réponses
Votre historique - résultats
Vous n’avez pas pris ce quiz